ბათუმის შოთა რუსთაველის სახელმწიფო უნივერსიტეტის ბიბლიოთეკა

დღიურები, ჩანაწერები / (ბიბ.ჩანაწერი № 59792)

000 -ლიდერი
ფიქსირებული სიგრძის საკონტროლო ველი 01233nam a22002177a 4500
003 - საკონტროლო ნომრის იდენტიფიკატორი
საკონტროლო ველი Ge_BSU
005 - ბოლო ოპერაციის თარიღი და დრო
საკონტროლო ველი 20230419121117.0
008 - ფიქსირებული სიგრძის მონაცემთა ელემენტები - ზოგადი ინფორმაცია
ფიქსირებული სიგრძის საკონტროლო ველი 230419s2013 ge ||||| |||| 00| 0 geo d
020 ## - წიგნის საერთაშორისო სტანდარტული ნომერი
International Standard Book Number 9789941446412
041 ## - ენის კოდი
Language code of text/sound track or separate title geo
080 ## - უნივერსალური ათობითი კლასიფიკაციის ინდექსი
Universal Decimal Classification number 821.353.1-94 ყ-57
100 ## - მთავარი ჩანაწერი - პიროვნების სახელი
Personal name ყიფშიძე, იოსებ
9 (RLIN) 13175
245 ## - ცნობა სათაურის შესახებ
Title დღიურები, ჩანაწერები /
Statement of responsibility, etc იოსებ ყიფშიძე, ევგენია ეგაძე-ყიფშიძისა, დავით ყიფშიძე; შემდგ.-რედ. ეთერ ქავთარაძე.
264 ## - წარმოების, გამოცემის, დისტრიბუციის და სხვა ცნობები
გამოცემის, წარმოების, დისტრიბუციის... ადგილი თბილისი :
გამოცემის, წარმოების, დისტრიბუციის... სახელწოდება ინტელექტი,
გამოცემის, წარმოების, დისტრიბუციის... თარიღი 2013.
300 ## - ფიზიკური აღწერა
Extent 202 გვ. ;
Other physical details 20 სმ.
500 ## - ზოგადი შენიშვნა
General note ეძღვნება ივანე ჯავახიშვლის თბილისის სახელმწიფო უნივერსიტეტის დაარსებიდან 95 წლისთავს
653 ## - INDEX TERM--UNCONTROLLED
Uncontrolled term დღიურები, ჩანაწერები
700 ## - ADDED ENTRY--PERSONAL NAME
Personal name ყიფშიძე, ევგენია
Relator term ავტორი
9 (RLIN) 17674
700 ## - ADDED ENTRY--PERSONAL NAME
Personal name ყიფშიძე, დავით
Relator term ავტორი
9 (RLIN) 17675
942 ## - ADDED ENTRY ELEMENTS (KOHA)
Source of classification or shelving scheme
Koha item type წიგნი
ეგზემპლარები
ჩამოწერის სტატუსი დაკარგული ეგზემპლარის სტატუსი კლასიფიკაციის წყარო ან თაროზე გაწყობის სქემა დაზიანების სტატუსი არ გაიცემა მუდმივი მდებარეობა (დაცვის ადგილი) ამჟამინდელი ადგილსამყოფელი თაროზე განთავსების ადგილი შეძენის თარიღი ღირებულება, შესყიდვის ნორმალური ფასი სრული შენახვის შიფრი შტრიხკოდი ბოლო ოპერაციის თარიღი ეგზემპლარის მიმდევრობითი ნომერი (კეტერი?) Uniform Resource Identifier ფასის ძალაში შესვლის თარიღი ეგზემპლარის სახეობა საჯარო შენიშვნა
          ბათუმის შოთა რუსთაველის სახელმწიფო უნივერსიტეტის მთავარი ბიბლიოთეკა ბათუმის შოთა რუსთაველის სახელმწიფო უნივერსიტეტის მთავარი ბიბლიოთეკა წიგნსაცავი 2023-04-19 6.00 821.353.1-94 ყ-57 64266 2023-04-19 64266 ბსუ-ს საპატიო დოქტორის გურამ ლორთქიფანიძის საჩუქარი 2023-04-19 წიგნი 6 ლ.